Научное и социальное значение деятельности В. И. Вернадского: Сборник научных трудов

Библиографические подробности
Другие авторы: Яншин А. Л. Александр Леонидович (редактор)
Примечания:В сборнике анализируется вклад В. И. Вернадского в развитие естественных и общественных наук. Особое внимание уделяется рассмотрению современного состояния учения о биосфере и ноосфере. Раскрывается его талант как ученого-организатора. Освещены малоизвестные страницы творческой биографии В. И. Вернадского. Для научных работников, занимающихся проблемами разработки и развития научного наследия В. И. Вернадского.
Язык:русский
Опубликовано: Ленинград, Наука, 1989
Предметы:
Формат: Книга
Запись в KOHA:https://koha.lib.tpu.ru/cgi-bin/koha/opac-detail.pl?biblionumber=21248

MARC

LEADER 00000nam0a2200000 4500
001 21248
005 20231101205420.0
010 |a 502025715X 
035 |a (RuTPU)RU\TPU\book\21446 
035 |a BOOK00021516 
090 |a 21248 
100 |a 20011209d1989 k y0rusy50 ca 
101 0 |a rus 
102 |a RU 
105 |a y z 000zb 
200 1 |a Научное и социальное значение деятельности В. И. Вернадского  |e Сборник научных трудов  |f Под общей ред. А. Л. Яншина 
210 |a Ленинград  |c Наука  |d 1989 
215 |a 416 с. 
330 |a В сборнике анализируется вклад В. И. Вернадского в развитие естественных и общественных наук. Особое внимание уделяется рассмотрению современного состояния учения о биосфере и ноосфере. Раскрывается его талант как ученого-организатора. Освещены малоизвестные страницы творческой биографии В. И. Вернадского. Для научных работников, занимающихся проблемами разработки и развития научного наследия В. И. Вернадского. 
600 1 |a Вернадский  |g Владимир Иванович  |b В. И.  |c российский учёный  |c естествоиспытатель, мыслитель и общественный деятель  |f 1863-1945  |2 stltpush  |3 (RuTPU)RU\TPU\pers\417 
606 1 |a Естествознание  |2 stltpush  |3 (RuTPU)RU\TPU\subj\68178  |9 83661 
610 1 |a естествознание 
610 1 |a Россия 
610 1 |a СССР 
610 1 |a история 
610 1 |a биосфера 
610 1 |a ноосфера 
610 1 |a геология 
610 1 |a научная деятельность 
675 |a 5(09)  |v 3 
702 1 |a Яншин  |b А. Л.  |g Александр Леонидович  |4 340 
801 0 |a RU  |b 63413507  |c 20011209  |g PSBO 
801 2 |a RU  |b 63413507  |c 20170404  |g PSBO 
942 |c BK